From sugar beet to sugar

Bibliographic Details
Main Author: Owings, Lisa
Format: Book
Published: Minneapolis : Lerner Publications Company , 2015
Series:Start to finish, second series
Subjects:

MARC

LEADER 00000cam a2200000 7i4500
001 0000233318
005 20181119.0
020 |a 9781467760201 
090 0 0 |a 664.123   |b OWI 
100 1 |a Owings, Lisa 
245 1 0 |a From sugar beet to sugar   |c Lisa Owings 
260 |a Minneapolis :   |b Lerner Publications Company ,   |c 2015 
300 |a 24p. ;   |c 19cm. 
490 0 |a Start to finish, second series 
650 0 |a Beet sugar   |v Juvenile literature 
650 0 |a Sugar beet   |v Juvenile literature 
650 0 |a Sugar trade   |v Juvenile literature 
650 0 |a Sugar   |x Manufacture and refining   |v Juvenile literature 
999 |a 00361215   |b BUKU   |c JUNIOR BOOKS   |e PERPUSTAKAAN KOMUNITI PETALING JAYA